Statistics for Most Exported Products by U.S

Click here to take the quiz!

General Stats

  • This quiz has been taken 32 times
  • The average score is 4 of 10

Answer Stats

RankingHintAnswer% Correct
$84,936,986,000Petroleum Oil
90%
10°$19,112,373,000Corn
69%
$54,681,915,000Cars
66%
$26,820,793,000Computers
45%
$27,522,855,000Soybeans
34%
$27,719,367,000Gold (unwrought)
28%
$67,615,740,000Petroleum Gas
24%
$31,777,051,000Phone devices
17%
$29,020,649,000Medications
14%
$35,640,080,000Automobile parts/acessories
10%

Score Distribution

Percentile by Number Answered

Percent of People with Each Score

Your Score History

You have not taken this quiz